ՀՀ Գիտությունների ազգային ակադեմիայի հիմնարար գիտական գրադարան  =   Fundamental Scientific Library of NAS RA

Глубокие воды Корбярви : (Record no. 263606)

MARC details
000 -LEADER
fixed length control field 00667nam a2200205 a 4500
001 - CONTROL NUMBER
control field 000713160
003 - CONTROL NUMBER IDENTIFIER
control field AM-YeHGA
005 - DATE AND TIME OF LATEST TRANSACTION
control field 20250617142757.0
008 - FIXED-LENGTH DATA ELEMENTS--GENERAL INFORMATION
fixed length control field 100211s1985 ||| r 000 0 rus d
040 ## - CATALOGING SOURCE
Original cataloging agency AM-YeHGA
041 0# - LANGUAGE CODE
Language code of text/sound track or separate title rus
090 ## - LOCALLY ASSIGNED LC-TYPE CALL NUMBER (OCLC); LOCAL CALL NUMBER (RLIN)
-- 265235
100 1# - MAIN ENTRY--PERSONAL NAME
Personal name Пулькин, Василий Андреевич
245 10 - TITLE STATEMENT
Title Глубокие воды Корбярви :
Remainder of title Повести /
Statement of responsibility, etc. Василий Пулькин.
260 ## - PUBLICATION, DISTRIBUTION, ETC.
Place of publication, distribution, etc. Ленинград :
Name of publisher, distributor, etc. Лениздат,
Date of publication, distribution, etc. 1985.
300 ## - PHYSICAL DESCRIPTION
Extent 245 с. :
Other physical details ил.
505 2# - FORMATTED CONTENTS NOTE
Formatted contents note Азбука детства
653 0# - INDEX TERM--UNCONTROLLED
Uncontrolled term Деревня - Север СССР (х. л.)
653 0# - INDEX TERM--UNCONTROLLED
Uncontrolled term Вепсы (х. л.)
Holdings
Withdrawn status Lost status Damaged status Not for loan Collection Home library Current library Date acquired Total checkouts Full call number Barcode Date last seen Price effective from Koha item type Public note
        General Fundamental Scientific Library Fundamental Scientific Library 29/12/2016   PII/547206 FL0143674 29/12/2016 29/12/2016 Գրքեր / Books 30 Days Loan


ՀՀ ԳԱԱ հիմնարար գիտական գրադարան
ՀՀ,Երևան 0019
Մարշալ Բաղրամյան 24/6
հեռախոս:(374-10) 52-47-50
Հետադարձ կապ

All site content, except where otherwise noted, is licensed under a
Creative Commons License